Riverdale-Charaktere - Statistiken

Allgemein
  • Dieses Quiz wurde 409 mal gespielt
  • Das Durchschnittsergebnis liegt bei 17 aus 61
Antwortstatistiken
Anfangsbuchstabe Antwort % Korrekt
B Betty Cooper
95%
A Archie Andrews
93%
J Jughead Jones
89%
C Cheryl Blossom
80%
F FP Jones
68%
K Kevin Keller
65%
A Alice Cooper
63%
F Fred Andrews
62%
P Polly Cooper
60%
T Toni Topaz
57%
P Penelope Blossom
52%
H Hiram Lodge
51%
H Hal Cooper
47%
J Jellybean Jones
44%
V Veronica Lodge
44%
H Hermione Lodge
42%
F Fangs Fogarty
40%
R Reggie Mantle
37%
J Josie McCoy
36%
S Sweet Pea
36%
T Tom Keller
34%
C Chic
33%
M Mary Andrews
33%
C Cliff Blossom
29%
E Ethel Muggs
27%
M Moose Mason
26%
C Charles Smith
25%
C Chuck Clayton
24%
D Dilton Doiley
23%
P Penny Peabody
23%
S Sierra McCoy
20%
M Midge Klump
19%
B Black Hood
16%
G Geraldine Grundy
16%
C Claudius Blossom
15%
M Melody Valentine
15%
P Pop Tate
14%
R Rose Blossom
14%
J Joaquin DeSantos
13%
N Nick St. Clair
12%
T Tall Boy
12%
W Waldo Weatherbee
9%
G Ginger Lopez
4%
H Hot Dog
4%
T Thomas Topaz
4%
V Vegas
4%
J Joseph Svenson
3%
M Malachai
3%
M Micheal Minetta
3%
V Vic
3%
A Arthur Adams
2%
M Jugheads Mutter
2%
M Mustang
2%
M Myles McCoy
2%
T Tina Patel
2%
D Darla
1%
D Dwayne
1%
O Oscar Castillo
1%
R Robert Phillips
1%
P Paul Boucher
0%
P Paul Sowerberry
0%
Keine übereinstimmenden Quizze gefunden
Verteilung der Resultate
Anzahl Personen mit jedem Resultat
Perzentil nach korrekt beantworteten Fragen
Ihre Resultats-Entwicklung
Sie haben dieses Quiz noch nicht gespielt